Giáo trình nguyên lý kinh tế học vi mô
Đã lưu trong:
| Príomhúdar: | |
|---|---|
| Formáid: | Leabhar |
| Teanga: | Vietnamese |
| Foilsithe: |
Lao Động
2008
|
| Clibeanna: |
Cuir Clib Leis
Gan Chlibeanna, Bí ar an gcéad duine leis an taifead seo a chlibeáil!
|
| Thư viện lưu trữ: | Mạng thư viện Đại học Đà Nẵng |
|---|
| LEADER | 00636nam a2200277 4500 | ||
|---|---|---|---|
| 001 | 000026948 | ||
| 003 | 990 | ||
| 005 | 20150325120000.0 | ||
| 008 | 150325s vm 000 vie | ||
| 020 | |c 0,0000 | ||
| 040 | |a NOTTS | ||
| 100 | |a Vũ Kim Dũng | ||
| 245 | |a Giáo trình nguyên lý kinh tế học vi mô | ||
| 260 | |b Lao Động |c 2008 | ||
| 300 | |a 296tr. ; | ||
| OWN | |a LTT | ||
| 999 | |a From the UDN01 | ||
| TYP | |a Monograph | ||
| TYP | |a Printed language | ||
| 980 | |a Mạng thư viện Đại học Đà Nẵng | ||